[Event "BEL-chT 0910"]
[Site "Belgium"]
[Date "2010.03.21"]
[Round "11"]
[White "Vanderhallen, Nicolas"]
[Black "Ahn, Martin"]
[Result "1/2-1/2"]
[WhiteElo "2216"]
[BlackElo "2308"]
[PlyCount "20"]
[EventDate "2009.09.27"]
[EventType "team-tourn"]
[EventRounds "11"]
[EventCountry "BEL"]
[SourceTitle "EXT 2011"]
[Source "ChessBase"]
[SourceDate "2010.11.26"]
[SourceVersion "1"]
[SourceVersionDate "2010.11.26"]
[SourceQuality "1"]
[WhiteTeam "KSK47 Eynatten II"]
[BlackTeam "KSK Rochade"]
[WhiteTeamCountry "BEL"]
[BlackTeamCountry "BEL"]

1. d4 e6 2. c4 f5 3. Nf3 Nf6 4. g3 Be7 5. Bg2 0-0 6. 0-0 d6 7. b4 Ne4 8. Bb2 a5 9. bxa5 c6 10. Nfd2 Nxd2 1/2-1/2

[Event "Brasschaat op 09th"]
[Site "Brasschaat"]
[Date "2009.08.22"]
[Round "8"]
[White "Vanderhallen, Nicolas"]
[Black "Haast, Anne"]
[Result "0-1"]
[WhiteElo "2232"]
[BlackElo "2158"]
[PlyCount "52"]
[EventDate "2009.08.15"]
[EventType "swiss"]
[EventRounds "9"]
[EventCountry "BEL"]
[SourceTitle "CBM 131 Extra"]
[Source "ChessBase"]
[SourceDate "2009.09.03"]
[SourceVersion "2"]
[SourceVersionDate "2009.09.16"]
[SourceQuality "1"]

1. d4 Nf6 2. c4 g6 3. Nc3 Bg7 4. e4 d6 5. f4 0-0 6. Nf3 c5 7. d5 e6 8. Be2 exd5 9. cxd5 Re8 10. e5 dxe5 11. fxe5 Ng4 12. Bg5 Qa5 13. 0-0 Nxe5 14. Nxe5 Rxe5 15. Bf4 Re8 16. Nb5 Bg4 17. Nc7 Bxe2 18. Qe1 Qa4 19. Nxe8 Bxf1 20. Nc7 Qxf4 21. Qe8+ Bf8 22. Nxa8 Bd3 23. Qc8 Na6 24. Re1 Kg7 25. Qxb7 Bd6 26. g3 Qd4+ 0-1

[Event "BEL-chT 0809"]
[Site "Belgium"]
[Date "2008.12.07"]
[Round "5.8"]
[White "Vanderhallen, Nicolas"]
[Black "Van der Burch, Arie"]
[Result "0-1"]
[WhiteElo "2239"]
[BlackElo "2206"]
[PlyCount "72"]
[EventDate "2008.10.05"]
[EventType "team-tourn"]
[EventRounds "11"]
[EventCountry "BEL"]
[SourceTitle "EXT 2010"]
[Source "ChessBase"]
[SourceDate "2010.11.25"]
[SourceVersion "1"]
[SourceVersionDate "2010.11.25"]
[SourceQuality "1"]
[WhiteTeam "KSK47 Eynatten"]
[BlackTeam "Borgerhout"]
[WhiteTeamCountry "BEL"]
[BlackTeamCountry "BEL"]

1. d4 e6 2. c4 c5 3. d5 exd5 4. cxd5 d6 5. Nc3 Ne7 6. e4 Ng6 7. f4 Be7 8. Nf3 Nd7 9. Bd3 Bf6 10. Nb5 Qb6 11. a4 c4 12. Bxc4 0-0 13. Qe2 a6 14. Nc3 Re8 15. Be3 Qa5 16. Nd2 Nc5 17. 0-0 Bxc3 18. bxc3 Nxe4 19. Nxe4 Rxe4 20. Bd3 Re8 21. c4 Bg4 22. Qe1 Qd8 23. Qf2 Qd7 24. Rab1 Qxa4 25. Rxb7 Qa3 26. Qd2 Bf5 27. Rd1 Bxd3 28. Qxd3 Rxe3 29. Qxa3 Rxa3 30. c5 dxc5 31. d6 Nxf4 32. Rdb1 g6 33. d7 Ne6 34. Rb8+ Rxb8 35. Rxb8+ Kg7 36. Re8 Rd3 0-1

[Event "Brasschaat op 08th"]
[Site "Brasschaat"]
[Date "2008.08.24"]
[Round "9"]
[White "De Vos, Nils"]
[Black "Vanderhallen, Nicolas"]
[Result "0-1"]
[WhiteElo "2172"]
[BlackElo "2239"]
[PlyCount "88"]
[EventDate "2008.08.16"]
[EventType "swiss"]
[EventRounds "9"]
[EventCountry "BEL"]
[SourceTitle "EXT 2017"]
[Source "ChessBase"]
[SourceDate "2016.10.25"]
[SourceVersion "1"]
[SourceVersionDate "2016.10.25"]
[SourceQuality "1"]

1. c4 g6 2. Nf3 Bg7 3. g3 d6 4. Bg2 e5 5. Nc3 Nc6 6. d3 f5 7. 0-0 Nf6 8. Ne1 0-0 9. e4 Be6 10. Nd5 Rb8 11. Rb1 Ne7 12. f4 c6 13. Nxf6+ Bxf6 14. Qc2 b5 15. fxe5 Bxe5 16. Bg5 fxe4 17. Rxf8+ Qxf8 18. cxb5 Rxb5 19. Bxe7 Qxe7 20. Qxc6 Rc5 21. Qa8+ Kg7 22. Qxe4 Bxa2 23. Ra1 Bd5 24. Qb4 Bxg2 25. Kxg2 Bf6 26. Qa4 Bxb2 27. Rb1 Bc3 28. Nc2 Rf5 29. Qg4 h5 30. Qd1 Re5 31. Kf1 Qd7 32. Kg1 a5 33. Qf3 Rb5 34. Rxb5 Qxb5 35. Qe2 Qb1+ 36. Kg2 Qb7+ 37. Kg1 a4 38. d4 a3 39. Qd3 Qb2 40. Qe4 Qc1+ 41. Kg2 Qd2+ 42. Kh3 Qf2 43. Nxa3 Bxd4 44. Qd3 g5 0-1

[Event "Vlissingen HZ op 12th"]
[Site "Vlissingen"]
[Date "2008.08.08"]
[Round "8"]
[White "Westerweele, Henrik"]
[Black "Vanderhallen, Nicolas"]
[Result "0-1"]
[WhiteElo "2035"]
[BlackElo "2225"]
[PlyCount "76"]
[EventDate "2008.08.02"]
[EventType "swiss"]
[EventRounds "9"]
[EventCountry "NED"]
[SourceTitle "CBM 125 Extra"]
[Source "ChessBase"]
[SourceDate "2008.09.01"]
[SourceVersion "1"]
[SourceVersionDate "2008.09.01"]
[SourceQuality "1"]

1. e4 c5 2. c3 d5 3. exd5 Qxd5 4. d4 Nf6 5. Nf3 Bg4 6. Be2 e6 7. Bf4 cxd4 8. cxd4 Nc6 9. Nc3 Bb4 10. 0-0 Qd8 11. Qb3 0-0 12. Rfd1 Qe7 13. Bg5 Bxc3 14. bxc3 Rfd8 15. Rab1 b6 16. Qb5 Rac8 17. Ne5 Bxe2 18. Qxe2 h6 19. Bh4 g5 20. Bg3 Nxe5 21. Bxe5 Nd5 22. Rbc1 Rxc3 23. Qh5 Rxc1 24. Rxc1 f6 25. Bg3 Kg7 26. h4 Qd7 27. Qg4 Rc8 28. Re1 Rc6 29. hxg5 hxg5 30. Be5 fxe5 31. Qxg5+ Kf8 32. Re4 Qe7 33. Qxe5 Rc1+ 34. Kh2 Qc7 35. Rh4 Qxe5+ 36. dxe5 Kg7 37. Rg4+ Kf7 38. Ra4 a5 0-1

[Event "Vlissingen HZ op 12th"]
[Site "Vlissingen"]
[Date "2008.08.07"]
[Round "7"]
[White "Vanderhallen, Nicolas"]
[Black "Van de Wynkele, Eric"]
[Result "1/2-1/2"]
[WhiteElo "2225"]
[BlackElo "2071"]
[PlyCount "70"]
[EventDate "2008.08.02"]
[EventType "swiss"]
[EventRounds "9"]
[EventCountry "NED"]
[SourceTitle "CBM 125 Extra"]
[Source "ChessBase"]
[SourceDate "2008.09.01"]
[SourceVersion "1"]
[SourceVersionDate "2008.09.01"]
[SourceQuality "1"]

1. d4 f5 2. Bg5 c6 3. c3 g6 4. Nd2 d5 5. e3 Nh6 6. Ngf3 Nd7 7. c4 Qb6 8. Qc2 Nf7 9. Bf4 e6 10. Bd3 Qd8 11. h3 Bg7 12. cxd5 exd5 13. b4 Qe7 14. b5 c5 15. 0-0 c4 16. Be2 0-0 17. Nb1 g5 18. Bg3 Nf6 19. Nc3 Be6 20. Nd2 Rad8 21. f3 f4 22. exf4 Nh5 23. Bf2 Nxf4 24. Rfe1 Qd7 25. Bf1 Nd6 26. Kh2 Rf6 27. g3 Nxh3 28. Rxe6 Nxf2 29. Rxf6 Bxf6 30. Nxd5 Bxd4 31. Re1 Qg7 32. Re6 Qf7 33. Rh6 Rd7 34. Nb4 c3 35. Nb3 Qxf3 1/2-1/2

[Event "Vlissingen HZ op 12th"]
[Site "Vlissingen"]
[Date "2008.08.03"]
[Round "2"]
[White "Brandstaetter, Walter"]
[Black "Vanderhallen, Nicolas"]
[Result "1/2-1/2"]
[WhiteElo "2017"]
[BlackElo "2225"]
[PlyCount "44"]
[EventDate "2008.08.02"]
[EventType "swiss"]
[EventRounds "9"]
[EventCountry "NED"]
[SourceTitle "CBM 125 Extra"]
[Source "ChessBase"]
[SourceDate "2008.09.01"]
[SourceVersion "1"]
[SourceVersionDate "2008.09.01"]
[SourceQuality "1"]

1. d4 Nf6 2. Nf3 g6 3. Bf4 Bg7 4. h3 0-0 5. e3 c5 6. c3 d6 7. Nbd2 Nc6 8. Rc1 Re8 9. Be2 e5 10. dxe5 dxe5 11. Bg3 e4 12. Nh2 Nd5 13. 0-0 h5 14. h4 Bf5 15. Nc4 Be5 16. Nxe5 Nxe5 17. Qb3 Nb6 18. Rcd1 Qf6 19. c4 Rad8 20. Qc3 Ned7 21. Qxf6 Nxf6 22. b3 Nc8 1/2-1/2

[Event "BEL-ch U20 Elite"]
[Site "Ostend"]
[Date "2008.04.05"]
[Round "8"]
[White "Leenaerts, Robin"]
[Black "Vanderhallen, Nicolas"]
[Result "1/2-1/2"]
[WhiteElo "2159"]
[BlackElo "2265"]
[PlyCount "128"]
[EventDate "2008.03.31"]
[EventType "tourn"]
[EventRounds "9"]
[EventCountry "BEL"]
[SourceTitle "EXT 2019"]
[Source "ChessBase"]
[SourceDate "2018.10.10"]
[SourceVersion "1"]
[SourceVersionDate "2018.10.10"]
[SourceQuality "1"]

1. e4 c5 2. Nf3 e6 3. d4 cxd4 4. Nxd4 Nf6 5. Nc3 d6 6. Be2 Be7 7. 0-0 0-0 8. Be3 a6 9. a4 Nc6 10. f4 Qc7 11. Bf3 Bd7 12. Qe1 Nxd4 13. Bxd4 e5 14. Be3 exf4 15. Bxf4 Qb6+ 16. Qe3 Qxe3+ 17. Bxe3 Bc6 18. Nd5 Bxd5 19. exd5 Nd7 20. Bd4 Bf6 21. Bxf6 Nxf6 22. Rfe1 Rfe8 23. Kf2 Kf8 24. Re3 Rac8 25. c3 Rc5 26. Rxe8+ Kxe8 27. Ke3 Rc4 28. g3 Nd7 29. a5 f5 30. Be2 Re4+ 31. Kd2 g6 32. b4 Kf7 33. Bf3 Re7 34. c4 g5 35. Rc1 f4 36. gxf4 gxf4 37. c5 Ne5 38. Be2 Kf6 39. c6 Rc7 40. b5 axb5 41. Bxb5 Kf5 42. Bd3+ Nxd3 43. Kxd3 Ke5 44. a6 bxa6 45. Kc4 f3 46. Rd1 f2 47. h4 Rf7 48. Rf1 h5 49. Kd3 Kxd5 50. c7 Rxc7 51. Rxf2 Re7 52. Ra2 Rg7 53. Ra5+ Kc6 54. Rxh5 Rg1 55. Ra5 Kb6 56. Rd5 Kc6 57. Ra5 Kb6 58. Rd5 Rg6 59. h5 Rh6 60. Kc4 Kc6 61. Ra5 Kb6 62. Rd5 Rf6 63. Kd3 a5 64. Kc4 a4 1/2-1/2

[Event "BEL-ch U20 Elite"]
[Site "Ostend"]
[Date "2008.04.04"]
[Round "7"]
[White "Vanderhallen, Nicolas"]
[Black "Hamblok, Roel"]
[Result "1-0"]
[WhiteElo "2265"]
[BlackElo "2075"]
[PlyCount "75"]
[EventDate "2008.03.31"]
[EventType "tourn"]
[EventRounds "9"]
[EventCountry "BEL"]
[SourceTitle "EXT 2019"]
[Source "ChessBase"]
[SourceDate "2018.10.10"]
[SourceVersion "1"]
[SourceVersionDate "2018.10.10"]
[SourceQuality "1"]

1. d4 Nf6 2. c4 e6 3. Nf3 b6 4. g3 Bb7 5. Bg2 Be7 6. Nc3 Ne4 7. Bd2 0-0 8. 0-0 f5 9. d5 Bf6 10. Rc1 a5 11. Ne1 Na6 12. Nxe4 fxe4 13. Bxe4 Nc5 14. Bg2 Bxb2 15. Rb1 Bf6 16. Be3 d6 17. Bxc5 dxc5 18. dxe6 Bxg2 19. Nxg2 Qe7 20. Nf4 Be5 21. Nd5 Qxe6 22. Qc2 Rf7 23. Kg2 Re8 24. e4 Bd4 25. f3 g5 26. Rbe1 Kh8 27. Re2 Ref8 28. Qd3 Qg6 29. Ne3 Bxe3 30. Rxe3 Qf6 31. Rd1 h5 32. e5 Qh6 33. Qe4 h4 34. e6 hxg3 35. Qe5+ Rf6 36. hxg3 Kg8 37. e7 Re8 38. Rd8 1-0

[Event "BEL-chT 0708"]
[Site "Belgium"]
[Date "2008.02.17"]
[Round "9.7"]
[White "Vanderhallen, Nicolas"]
[Black "Bergez, Luc"]
[Result "0-1"]
[WhiteElo "2250"]
[BlackElo "2370"]
[PlyCount "68"]
[EventDate "2007.09.30"]
[EventType "team-tourn"]
[EventRounds "11"]
[EventCountry "BEL"]
[SourceTitle "EXT 2009"]
[Source "ChessBase"]
[SourceDate "2008.11.26"]
[SourceVersion "1"]
[SourceVersionDate "2008.11.26"]
[SourceQuality "1"]
[WhiteTeam "KSK47 Eynatten"]
[BlackTeam "Charleroi CREC"]
[WhiteTeamCountry "BEL"]
[BlackTeamCountry "BEL"]

1. d4 c5 2. d5 e5 3. e4 d6 4. Nc3 g6 5. h4 a6 6. a4 Bg7 7. h5 Ne7 8. Be2 Nd7 9. Be3 f5 10. Bg5 Bf6 11. Nf3 Qa5 12. Bd2 Qc7 13. Ng5 Nf8 14. Bc4 Bd7 15. hxg6 hxg6 16. Rxh8 Bxh8 17. Ne6 Nxe6 18. dxe6 Bc6 19. Nd5 Bxd5 20. exd5 Nc8 21. g4 Qh7 22. Bf1 Ne7 23. Bg5 0-0-0 24. Bxe7 Qxe7 25. gxf5 Qh4 26. Qd3 Rf8 27. 0-0-0 gxf5 28. f3 Qxa4 29. Kb1 Qh4 30. Bh3 Qxh3 31. b4 Qh4 32. bxc5 Qb4+ 33. Kc1 e4 34. Qb3 Qxc5 0-1

[Event "BEL-chT 0708"]
[Site "Belgium"]
[Date "2007.11.18"]
[Round "4.8"]
[White "Vanderhallen, Nicolas"]
[Black "Sprangers, Remco"]
[Result "1-0"]
[WhiteElo "2225"]
[BlackElo "2191"]
[PlyCount "85"]
[EventDate "2007.09.30"]
[EventType "team-tourn"]
[EventRounds "11"]
[EventCountry "BEL"]
[SourceTitle "CBM 121 Extra"]
[Source "ChessBase"]
[SourceDate "2008.01.10"]
[SourceVersion "1"]
[SourceVersionDate "2008.01.10"]
[SourceQuality "1"]
[WhiteTeam "KSK47 Eynatten"]
[BlackTeam "Boey Temse"]
[WhiteTeamCountry "BEL"]
[BlackTeamCountry "BEL"]

1. d4 d5 2. c4 c6 3. Nc3 Nf6 4. Nf3 e6 5. Bg5 dxc4 6. e4 b5 7. e5 h6 8. Bh4 g5 9. Nxg5 hxg5 10. Bxg5 Nbd7 11. exf6 Bb7 12. g3 Qb6 13. Bg2 0-0-0 14. 0-0 Bh6 15. Bxh6 Rxh6 16. b3 Nxf6 17. bxc4 Rxd4 18. Qc1 Rh5 19. cxb5 c5 20. Rd1 Rxd1+ 21. Qxd1 Bxg2 22. Kxg2 Qb7+ 23. Kg1 Rf5 24. Qe2 Nd7 25. f4 Nf6 26. a4 Qc7 27. Ne4 Nxe4 28. Qxe4 Rd5 29. Rc1 Qd6 30. a5 Kd7 31. Qc4 Rd4 32. Qxc5 Rd1+ 33. Rxd1 Qxd1+ 34. Kg2 Qd2+ 35. Kh3 Qxa5 36. Kg4 Qa1 37. Qc6+ Ke7 38. Qc7+ Ke8 39. Qe5 Qa4 40. h4 Ke7 41. Kg5 f5 42. Qc7+ Ke8 43. Kf6 1-0

[Event "BEL-chT 0708"]
[Site "Belgium"]
[Date "2007.10.21"]
[Round "2.7"]
[White "Donovan, Linton"]
[Black "Vanderhallen, Nicolas"]
[Result "1-0"]
[WhiteElo "2229"]
[BlackElo "2225"]
[PlyCount "51"]
[EventDate "2007.09.30"]
[EventType "team-tourn"]
[EventRounds "11"]
[EventCountry "BEL"]
[SourceTitle "CBM 120 Extra"]
[Source "ChessBase"]
[SourceDate "2007.11.01"]
[SourceVersion "1"]
[SourceVersionDate "2007.11.01"]
[SourceQuality "1"]
[WhiteTeam "Bredene"]
[BlackTeam "KSK47 Eynatten"]
[WhiteTeamCountry "BEL"]
[BlackTeamCountry "BEL"]

1. e4 c5 2. Nc3 Nc6 3. f4 g6 4. Nf3 Bg7 5. Bc4 d6 6. 0-0 e6 7. d3 Nge7 8. Qe1 0-0 9. Qh4 Nd4 10. f5 gxf5 11. Bg5 f6 12. Bh6 Ng6 13. Qh5 fxe4 14. dxe4 Bd7 15. Rad1 Bxh6 16. Qxh6 Ne5 17. Nxe5 fxe5 18. Nd5 exd5 19. Bxd5+ Kh8 20. Qxd6 Re8 21. Rf7 Bf5 22. Qh6 Nf3+ 23. gxf3 Rg8+ 24. Kh1 Bg6 25. Rxb7 Qf6 26. Rxh7+ 1-0

[Event "BEL-chT 0708"]
[Site "Belgium"]
[Date "2007.10.07"]
[Round "1.6"]
[White "Gohla, Ulf"]
[Black "Vanderhallen, Nicolas"]
[Result "1/2-1/2"]
[WhiteElo "2170"]
[BlackElo "2225"]
[PlyCount "34"]
[EventDate "2007.09.30"]
[EventType "team-tourn"]
[EventRounds "11"]
[EventCountry "BEL"]
[SourceTitle "CBM 120 Extra"]
[Source "ChessBase"]
[SourceDate "2007.11.01"]
[SourceVersion "1"]
[SourceVersionDate "2007.11.01"]
[SourceQuality "1"]
[WhiteTeam "KSK47 Eynatten II"]
[BlackTeam "KSK47 Eynatten"]
[WhiteTeamCountry "BEL"]
[BlackTeamCountry "BEL"]

1. d4 Nf6 2. c4 g6 3. Nc3 Bg7 4. e4 d6 5. Be2 0-0 6. Bg5 h6 7. Be3 e5 8. d5 Ne8 9. f3 f5 10. Qd2 f4 11. Bf2 Nd7 12. g4 c5 13. h4 a6 14. Bd1 Nc7 15. Qd3 b5 16. b3 Rb8 17. a4 b4 1/2-1/2

[Event "Taby Scandinavian op"]
[Site "Taby"]
[Date "2007.08.10"]
[Round "9"]
[White "Vanderhallen, Nicolas"]
[Black "Blomqvist, Erik"]
[Result "1-0"]
[WhiteElo "2228"]
[BlackElo "2313"]
[PlyCount "95"]
[EventDate "2007.08.04"]
[EventType "swiss"]
[EventRounds "9"]
[EventCountry "SWE"]
[SourceTitle "CBM 119 Extra"]
[Source "ChessBase"]
[SourceDate "2007.09.04"]
[SourceVersion "1"]
[SourceVersionDate "2007.09.04"]
[SourceQuality "1"]

1. d4 d5 2. c4 c6 3. Nf3 Nf6 4. Nc3 dxc4 5. a4 Bf5 6. e3 e6 7. Bxc4 Bb4 8. 0-0 0-0 9. Qe2 Bg6 10. Ne5 Nbd7 11. Nxg6 hxg6 12. Rd1 Qa5 13. Na2 Qxa4 14. e4 Qa5 15. e5 Nd5 16. h4 Rfe8 17. Rd3 c5 18. dxc5 Nxc5 19. Rg3 Ne7 20. h5 Rad8 21. Bg5 Rd4 22. Bb5 Re4 23. Qf1 Nc6 24. Bxc6 bxc6 25. Nc3 Qb6 26. Nxe4 Nxe4 27. Rg4 Nxg5 28. Rxg5 Be7 29. Rg3 gxh5 30. Qe2 h4 31. Rg4 Rb8 32. Ra2 Rd8 33. Ra6 Qb7 34. Rga4 Ra8 35. Qc2 c5 36. b3 h3 37. Qe4 Qxe4 38. Rxe4 hxg2 39. Rea4 Rb8 40. Rxa7 Bf8 41. Rf4 Rxb3 42. Rfxf7 Rb2 43. Rf4 Rb8 44. Kxg2 Rc8 45. Rff7 Kh7 46. Rfc7 Re8 47. Kf3 Kg6 48. Kg4 1-0

[Event "Taby Scandinavian op"]
[Site "Taby"]
[Date "2007.08.04"]
[Round "1"]
[White "Vanderhallen, Nicolas"]
[Black "Andersson, Sven Olof"]
[Result "1-0"]
[WhiteElo "2228"]
[BlackElo "2095"]
[PlyCount "109"]
[EventDate "2007.08.04"]
[EventType "swiss"]
[EventRounds "9"]
[EventCountry "SWE"]
[SourceTitle "CBM 119 Extra"]
[Source "ChessBase"]
[SourceDate "2007.09.04"]
[SourceVersion "1"]
[SourceVersionDate "2007.09.04"]
[SourceQuality "1"]

1. d4 Nf6 2. c4 g6 3. Nc3 Bg7 4. e4 d6 5. Be2 0-0 6. Nf3 c6 7. 0-0 Bg4 8. Be3 Nbd7 9. Qc2 a6 10. h3 Bxf3 11. Bxf3 e5 12. dxe5 dxe5 13. c5 Qe7 14. Na4 Ne8 15. Bg4 Ndf6 16. Be2 Rd8 17. b4 Nc7 18. Bc4 Ne6 19. Bxe6 Qxe6 20. Nb6 Nh5 21. Rad1 Nf4 22. Rd2 Qe7 23. Rfd1 Rxd2 24. Qxd2 Ne6 25. Qd7 Re8 26. Nc4 Nd4 27. Qxe7 Rxe7 28. Rd2 f5 29. exf5 gxf5 30. Nxe5 Bxe5 31. Bxd4 Bf4 32. Be3 Bxe3 33. fxe3 Rxe3 34. Rd7 Ra3 35. Rxb7 Rxa2 36. Rb6 Rb2 37. Rxa6 Rxb4 38. Rxc6 Kf7 39. Kf2 Rb3 40. Rc7+ Kg6 41. c6 Rc3 42. Rc8 Kg5 43. c7 Kh4 44. Ke2 h5 45. Kd2 Rc6 46. Ke3 Rc1 47. Kf3 Rf1+ 48. Ke3 Rc1 49. Kd4 f4 50. Ke5 f3 51. gxf3 Kxh3 52. f4 Re1+ 53. Kf5 h4 54. Rd8 Rc1 55. c8Q 1-0

[Event "Hamburg Koenigsspringer Elo op 5th"]
[Site "Hamburg"]
[Date "2007.05.19"]
[Round "5"]
[White "Vanderhallen, Nicolas"]
[Black "Jacoby, Gisbert"]
[Result "1/2-1/2"]
[WhiteElo "2232"]
[BlackElo "2252"]
[PlyCount "65"]
[EventDate "2007.05.17"]
[EventType "swiss"]
[EventRounds "7"]
[EventCountry "GER"]
[SourceTitle "EXT 2009"]
[Source "ChessBase"]
[SourceDate "2008.11.26"]
[SourceVersion "1"]
[SourceVersionDate "2008.11.26"]
[SourceQuality "1"]

1. d4 d5 2. c4 dxc4 3. Nf3 a6 4. e3 Nf6 5. Bxc4 e6 6. 0-0 b5 7. Bb3 Bb7 8. Qe2 c5 9. Rd1 Nbd7 10. a3 Qc7 11. Nc3 Bd6 12. h3 0-0 13. e4 b4 14. axb4 cxb4 15. e5 bxc3 16. exd6 Qb6 17. Bc4 Ne4 18. b3 Nxd6 19. Ba3 Rfe8 20. Bxd6 Qxd6 21. Rac1 Nf6 22. Rxc3 Nd5 23. Rcc1 f6 24. Ne1 Nf4 25. Qg4 h5 26. Qg3 Bd5 27. Qe3 Rac8 28. Bf1 Rxc1 29. Rxc1 Rb8 30. Bc4 Bxc4 31. Rxc4 Rb5 32. Qf3 Rd5 33. g3 1/2-1/2

[Event "Bethune op 27th"]
[Site "Bethune"]
[Date "2006.12.29"]
[Round "8"]
[White "Foisor, Sabina Francesca"]
[Black "Vanderhallen, Nicolas"]
[Result "0-1"]
[WhiteElo "2326"]
[BlackElo "2175"]
[PlyCount "128"]
[EventDate "2006.12.26"]
[EventType "swiss"]
[EventRounds "9"]
[EventCountry "FRA"]
[SourceTitle "CBM 116 Extra"]
[Source "ChessBase"]
[SourceDate "2007.03.07"]
[SourceVersion "1"]
[SourceVersionDate "2007.03.07"]
[SourceQuality "1"]

1. d4 Nf6 2. c4 g6 3. Nc3 Bg7 4. e4 d6 5. f3 0-0 6. Be3 Nc6 7. Nge2 a6 8. Qd2 Rb8 9. Rb1 e5 10. d5 Ne7 11. g4 c6 12. Ng3 Ne8 13. g5 Nc7 14. Ba7 Ra8 15. Bb6 Bd7 16. dxc6 Bxc6 17. Nd5 Bxd5 18. cxd5 Nc8 19. Bf2 f6 20. h4 fxg5 21. hxg5 Rxf3 22. a4 a5 23. Bh3 b5 24. axb5 Rb8 25. Bxc8 Qxc8 26. b6 Na8 27. Rc1 Qg4 28. Rg1 Nxb6 29. Rc7 Rxg3 30. Rxg3 Qxe4+ 31. Kd1 Nxd5 32. Rc2 Nb4 33. Rc7 d5 34. Qe2 Qb1+ 35. Rc1 Qf5 36. Bc5 e4 37. Bd6 Rd8 38. Bc7 Ra8 39. b3 Nd3 40. Rc6 a4 41. bxa4 Rxa4 42. Rxd3 Ra1+ 43. Kd2 Ra2+ 44. Rc2 Rxc2+ 45. Kxc2 exd3+ 46. Qxd3 Qxd3+ 47. Kxd3 Kf7 48. Ke3 Ke6 49. Kf4 Bf8 50. Ke3 Bc5+ 51. Kd3 Bd6 52. Ba5 Be5 53. Bd2 Kf5 54. Be3 Kg4 55. Bd2 Bf4 56. Bb4 Bxg5 57. Kd4 h5 58. Kxd5 Bf4 59. Ke4 h4 60. Bc5 h3 61. Bg1 h2 62. Bxh2 Bxh2 63. Ke3 Kg3 64. Ke2 g5 0-1

[Event "Bethune op 27th"]
[Site "Bethune"]
[Date "2006.12.26"]
[Round "1"]
[White "Vanderhallen, Nicolas"]
[Black "Gharamian, Tigran"]
[Result "1-0"]
[WhiteElo "2175"]
[BlackElo "2467"]
[PlyCount "101"]
[EventDate "2006.12.26"]
[EventType "swiss"]
[EventRounds "9"]
[EventCountry "FRA"]
[SourceTitle "CBM 116 Extra"]
[Source "ChessBase"]
[SourceDate "2007.03.07"]
[SourceVersion "1"]
[SourceVersionDate "2007.03.07"]
[SourceQuality "1"]

1. d4 Nf6 2. c4 c5 3. d5 b5 4. cxb5 a6 5. bxa6 g6 6. Nc3 Bxa6 7. e4 Bxf1 8. Kxf1 d6 9. g3 Bg7 10. Kg2 0-0 11. Nf3 Nbd7 12. Re1 Ng4 13. Qe2 Nge5 14. Nxe5 Nxe5 15. f4 Nd7 16. Bd2 Qb6 17. b3 Rfb8 18. Rac1 Qd8 19. Rc2 Rb7 20. Nd1 Nb8 21. Bc3 Na6 22. Bxg7 Kxg7 23. Nc3 Qa5 24. e5 Nc7 25. f5 Re8 26. Qf3 gxf5 27. Qxf5 Nxd5 28. exd6 Nxc3 29. d7 Rxd7 30. Qxd7 Nd5 31. Re5 Rd8 32. Qg4+ Kf8 33. Qg5 Qa8 34. Kh3 Qc8+ 35. Qg4 Qc6 36. Rg5 Nf6 37. Rcxc5 Qxc5 38. Rxc5 Nxg4 39. Kxg4 Rd2 40. a4 Rxh2 41. Rc8+ Kg7 42. a5 f5+ 43. Kf4 Kf6 44. Rc6+ e6 45. a6 h5 46. Rc4 Rb2 47. Rb4 Ra2 48. Ra4 Rb2 49. Ra3 Rc2 50. a7 Rc3 51. Ra6 1-0

[Event "Brasschaat op 06th"]
[Site "Brasschaat"]
[Date "2006.08.27"]
[Round "9"]
[White "Vanderhallen, Nicolas"]
[Black "Sadkowsky, Daniel"]
[Result "0-1"]
[WhiteElo "2189"]
[BlackElo "2304"]
[PlyCount "88"]
[EventDate "2006.08.19"]
[EventType "swiss"]
[EventRounds "9"]
[EventCountry "BEL"]
[SourceTitle "CBM 113 Extra"]
[Source "ChessBase"]
[SourceDate "2006.09.14"]
[SourceVersion "1"]
[SourceVersionDate "2006.09.14"]
[SourceQuality "1"]

1. d4 Nf6 2. c4 e6 3. Nf3 b6 4. g3 Ba6 5. Nbd2 Bb4 6. Qc2 Bb7 7. Bg2 Be4 8. Qb3 Nc6 9. 0-0 Bxd2 10. Bxd2 0-0 11. Bc3 d5 12. Rfd1 dxc4 13. Qxc4 Qd5 14. Qxd5 Bxd5 15. Rac1 Rad8 16. Ne1 Rd6 17. Nc2 Bxg2 18. Kxg2 Rfd8 19. e3 e5 20. Re1 e4 21. b4 a6 22. a4 Nd5 23. Bd2 b5 24. axb5 axb5 25. Na3 Na7 26. Rc5 c6 27. Rec1 f5 28. h3 g5 29. f3 Re6 30. Nc2 Rde8 31. Ra1 Nc8 32. g4 f4 33. Re1 Ncb6 34. exf4 e3 35. Nxe3 Nxe3+ 36. Bxe3 Rxe3 37. Rxg5+ Kh8 38. Ra1 Nd5 39. Kg3 Nxb4 40. Re5 Nc2 41. Rd1 Rd8 42. Rc1 Rc3 43. f5 b4 44. Rc5 Nxd4 0-1

[Event "Vlissingen HZ op 10th"]
[Site "Vlissingen"]
[Date "2006.08.11"]
[Round "8"]
[White "Vanderhallen, Nicolas"]
[Black "Schut, Lisa"]
[Result "1-0"]
[WhiteElo "2189"]
[BlackElo "1971"]
[PlyCount "55"]
[EventDate "2006.08.05"]
[EventType "swiss"]
[EventRounds "9"]
[EventCountry "NED"]
[SourceTitle "CBM 113 Extra"]
[Source "ChessBase"]
[SourceDate "2006.09.14"]
[SourceVersion "1"]
[SourceVersionDate "2006.09.14"]
[SourceQuality "1"]

1. d4 Nf6 2. c4 c5 3. d5 e6 4. Nc3 exd5 5. cxd5 d6 6. e4 g6 7. f4 Bg7 8. Nf3 0-0 9. Be2 Bg4 10. 0-0 Nbd7 11. Re1 Re8 12. h3 Bxf3 13. Bxf3 a6 14. a4 b6 15. Be3 Rb8 16. Bf2 Qc7 17. Bg3 Kh8 18. e5 dxe5 19. fxe5 Ng8 20. d6 Qd8 21. Bc6 Bxe5 22. Rxe5 Nxe5 23. Bxe8 Qxe8 24. Qd5 Nc6 25. d7 Qe3+ 26. Kh2 Nge7 27. Qxf7 Rd8 28. Bc7 1-0

[Event "Vlissingen HZ op 10th"]
[Site "Vlissingen"]
[Date "2006.08.08"]
[Round "5"]
[White "Grooten, Herman"]
[Black "Vanderhallen, Nicolas"]
[Result "1-0"]
[WhiteElo "2362"]
[BlackElo "2189"]
[PlyCount "91"]
[EventDate "2006.08.05"]
[EventType "swiss"]
[EventRounds "9"]
[EventCountry "NED"]
[SourceTitle "CBM 113 Extra"]
[Source "ChessBase"]
[SourceDate "2006.09.14"]
[SourceVersion "1"]
[SourceVersionDate "2006.09.14"]
[SourceQuality "1"]

1. d4 Nf6 2. c4 g6 3. Nc3 Bg7 4. e4 d6 5. Nf3 0-0 6. Be2 e5 7. Be3 Ng4 8. Bg5 f6 9. Bh4 g5 10. Bg3 Nh6 11. d5 f5 12. exf5 g4 13. Nd2 Bxf5 14. Nf1 Nd7 15. Ne3 Nc5 16. Nxf5 Nxf5 17. Bxg4 Nxg3 18. hxg3 e4 19. 0-0 Bxc3 20. bxc3 Qg5 21. Be6+ Nxe6 22. dxe6 Rf5 23. Qd4 Re5 24. Rae1 Qf5 25. e7 Rxe7 26. f3 Rae8 27. fxe4 Qg6 28. Qd5+ Re6 29. Qxb7 Rxe4 30. Qd5+ R4e6 31. Rxe6 Rxe6 32. Re1 Kf7 33. Rxe6 Qxe6 34. Kf2 Qxd5 35. cxd5 Kf6 36. c4 Kf5 37. Kf3 h5 38. g4+ hxg4+ 39. Ke3 g3 40. Kf3 Ke5 41. Kxg3 Kd4 42. Kf4 Kxc4 43. Ke4 Kc5 44. g4 c6 45. g5 cxd5+ 46. Kd3 1-0